Механическое оборудование предприятий по производству вяжущих строительных материалов: учебник для техникумов

Dettagli Bibliografici
Autore principale: Лоскутов Ю. А. Юрий Алексеевич
Altri autori: Максимов В. М. Владимир Михайлович (редактор), Веселовский В. В. Виталий Владимирович
Lingua:russo
Pubblicazione: Москва, Машиностроение, 1986
Soggetti:
Natura: MixedMaterials Libro
KOHA link:https://koha.lib.tpu.ru/cgi-bin/koha/opac-detail.pl?biblionumber=281067

MARC

LEADER 00000nam0a2200000 4500
001 281067
005 20231101235352.0
020 |a RU  |b 86-61613 
035 |a (RuTPU)RU\TPU\book\304673 
090 |a 281067 
100 |a 20150116d1986 m y0rusy5003 ca 
101 0 |a rus 
102 |a RU 
105 |a a j 001zy 
200 1 |a Механическое оборудование предприятий по производству вяжущих строительных материалов  |e учебник для техникумов   |f Ю. А. Лоскутов, В. М. Максимов, В. В. Веселовский  |g под ред. Ю. А. Лоскутова 
210 |a Москва  |c Машиностроение  |d 1986 
215 |a 376 с.  |c ил. 
320 |a Библиогр.: с. 368 (13 назв.) 
320 |a Предм. указ.: с. 369-371 
606 1 |a Вяжущие материалы  |x Производство  |2 stltpush  |3 (RuTPU)RU\TPU\subj\35181  |9 56935 
610 1 |a вяжущие строительные материалы 
610 1 |a цемент 
610 1 |a оборудование 
610 1 |a горные породы 
610 1 |a сырьевые цехи 
610 1 |a добыча 
610 1 |a выемочно-погрузочные работы 
610 1 |a измельчение 
610 1 |a транспортировка 
610 1 |a технологическое оборудование 
610 1 |a помольное оборудование 
610 1 |a трубные мельницы 
610 1 |a хранение 
610 1 |a сырьевые материалы 
610 1 |a сушка 
610 1 |a обжиг 
610 1 |a печные агрегаты 
610 1 |a теплообменные устройства 
610 1 |a клинкеры 
610 1 |a вращающиеся печи 
610 1 |a охладители 
610 1 |a дозирование 
610 1 |a известь 
610 1 |a улавливание 
610 1 |a пылеулавливающее оборудование 
610 1 |a циклоны 
610 1 |a рукавные фильтры 
610 1 |a электрофильтры 
610 1 |a охрана 
610 1 |a эксплуатация 
610 1 |a техника безопасности 
610 1 |a учебники 
675 |a 666.9(075.32)  |v 3 
700 1 |a Лоскутов  |b Ю. А.  |g Юрий Алексеевич 
701 1 |a Максимов  |b В. М.  |g Владимир Михайлович 
701 1 |a Веселовский  |b В. В.  |g Виталий Владимирович 
702 1 |a Лоскутов  |b Ю. А.  |g Юрий Алексеевич  |4 340 
801 0 |a RU  |b RuMRKP  |c 19950704  |g psbo 
801 1 |a RU  |b 63413507  |c 20150116 
801 2 |a RU  |b 63413507  |c 20170123  |g RCR 
942 |c BK